Measuring the strategic readiness of intangible assets (Record no. 74251)
[ view plain ]
| 000 -LEADER | |
|---|---|
| fixed length control field | 01114cab a2200253 4500 |
| 001 - CONTROL NUMBER | |
| control field | ABS67568 |
| 008 - FIXED-LENGTH DATA ELEMENTS--GENERAL INFORMATION | |
| fixed length control field | 040305n2004 000 0 eng u |
| 035 ## - SYSTEM CONTROL NUMBER | |
| System control number | (Sirsi) u125351 |
| 100 ## - MAIN ENTRY--PERSONAL NAME | |
| Personal name | Kaplan, R. |
| 245 ## - TITLE STATEMENT | |
| Title | Measuring the strategic readiness of intangible assets |
| 260 ## - PUBLICATION, DISTRIBUTION, ETC. | |
| Date of publication, distribution, etc. | 2004 |
| 490 ## - SERIES STATEMENT | |
| Series statement | Harvard Business Review |
| Volume/sequential designation | 82(2) February 2004, 52-63(11) |
| 520 ## - SUMMARY, ETC. | |
| Summary, etc. | Looks at the difficulties of measuring the value of organisations' intangible assets, such as employees skills, IT systems and company culture. Puts forward the theory that measuring the value of intangible assets involves estimating how closely aligned those assets are to the company's strategy. Presents a strategy map which provides a framework for tracing intangible assets to a company's strategy and performance. |
| 590 ## - LOCAL NOTE (RLIN) | |
| Local note | ABS |
| 650 ## - SUBJECT ADDED ENTRY--TOPICAL TERM | |
| Topical term or geographic name entry element | INTANGIBLE ASSETS |
| 650 ## - SUBJECT ADDED ENTRY--TOPICAL TERM | |
| Topical term or geographic name entry element | ORGANISATIONAL CULTURE |
| 650 ## - SUBJECT ADDED ENTRY--TOPICAL TERM | |
| Topical term or geographic name entry element | ORGANISATIONAL ANALYSIS |
| 650 ## - SUBJECT ADDED ENTRY--TOPICAL TERM | |
| Topical term or geographic name entry element | STRATEGIC PLANNING |
| 650 ## - SUBJECT ADDED ENTRY--TOPICAL TERM | |
| Topical term or geographic name entry element | COMPANY PERFORMANCE |
| 650 ## - SUBJECT ADDED ENTRY--TOPICAL TERM | |
| Topical term or geographic name entry element | HUMAN CAPITAL |
| 690 ## - LOCAL SUBJECT ADDED ENTRY--TOPICAL TERM (OCLC, RLIN) | |
| Topical term or geographic name as entry element | MANAGEMENT-BUSINESS MANAGEMENT |
| 700 ## - ADDED ENTRY--PERSONAL NAME | |
| Personal name | Norton, D. |
| 942 ## - ADDED ENTRY ELEMENTS (KOHA) | |
| Suppress in OPAC | 0 |
| Withdrawn status | Lost status | Source of classification or shelving scheme | Damaged status | Not for loan | Home library | Current library | Shelving location | Date acquired | Total Checkouts | Full call number | Barcode | Date last seen | Copy number | Price effective from | Koha item type |
|---|---|---|---|---|---|---|---|---|---|---|---|---|---|---|---|
| Dewey Decimal Classification | London | London | Journal article | 05/03/2004 | ABS67568 | 125351-1001 | 06/08/2019 | 1 | 06/08/2019 | Journal article |